| 000 | 00550nam a2200181Ia 4500 | ||
|---|---|---|---|
| 008 | 090630s9999 xx 000 0 und d | ||
| 082 | _b23934 | ||
| 100 | _aपेठे मेघना. | ||
| 245 |
_aनातिचरामि. _cपेठे मेघना. |
||
| 260 | _bराजहंस. | ||
| 300 | _a0 | ||
| 600 | _aपेठे मेघना. | ||
| 630 | _aनातिचरामि. | ||
| 655 | _aकादंबरी. | ||
| 700 | _aपेठे मेघना. | ||
| 730 | _aनातिचरामि. | ||
| 942 | _cBOOK | ||
| 999 |
_c275790 _d275790 |
||